|
|
|
|
| LEADER |
00000nam a2200000Ia 4500 |
| 008 |
180529b2001 cr ||||| |||| 00| | spa d |
| 999 |
|
|
|c 1070
|d 1070
|
| 020 |
|
|
|a 9977-67-625-9
|
| 090 |
|
|
|a 06.04.05
|b 1789
|
| 100 |
|
|
|a Ruiz Zúñiga, Ángel
|9 1555
|
| 245 |
1 |
3 |
|a La Educación en Costa Rica: tendencias y retos en un nuevo escenario histórico /
|c Angel Ruiz
|
| 250 |
|
|
|a 1 edición
|
| 260 |
|
|
|a Costa Rica :
|b Editorial de la Universidad de Costa Rica : CONARE,
|c 2001
|
| 300 |
|
|
|a 288 páginas
|
| 650 |
1 |
4 |
|a UNIVERSIDADES
|9 16
|
| 650 |
1 |
4 |
|a EDUCACIÓN SUPERIOR
|9 8
|
| 650 |
1 |
4 |
|a HISTORIA
|9 22
|
| 942 |
|
|
|i 002847
|h 06.04.05 1789
|2 z
|c 01
|